000 00653nam a2200241Ia 4500
001 dia_2166
003 CHAP
005 20221213083036.0
008 220117s1979 xx 000 0 und d
010 _a170685
040 _cCHAP
082 _a638.1 A5
100 _aAlemany, José Ma.
_9147731
245 _aLa Colmena Moderna, Cría Rentable de las Abejas /
_c por José Ma. Alemany
260 _a:
_b De Vecchi,
_c1979
300 _a171 p.
650 _a1.Apicultura/
_9147732
650 _aAbejas.
_9182
901 _a638.1 A5
902 _aM
905 _a0000001979 BARA 0000000000SPA00
942 _cLIBRO
_2ddc
999 _c170685
_d170685